000 00311 a2200133 4500
000 nam a22 7a 4500
100 _aShekh,J
110 _aShekh,J
245 _aintroduction to advertising and public relations
250 _alatest edition
260 _basia
_c2026
264 _basia
_c2026
942 _cBK
999 _c397302
_d397302